书目信息 |
| 题名: |
嵌入式Linux C语言开发
|
|
| 作者: | 曾宏安 主编 | |
| 分册: | ||
| 出版信息: | 北京 人民邮电出版社 2009.08 |
|
| 页数: | 263页 | |
| 开本: | 26cm | |
| 丛书名: | 高等院校嵌入式人才培养规划教材 | |
| 单 册: | ||
| 中图分类: | TP312 , TP316.89 | |
| 科图分类: | ||
| 主题词: | Linux操作系统--Linuxcao zuo xi tong--程序设计--高等学校--教材 , C语言--Cyu yan--程序设计--高等学校--教材 | |
| 电子资源: | ||
| ISBN: | 978-7-115-21115-6 | |
| 000 | 01136nam 2200265 450 | |
| 001 | 082009 | |
| 005 | 20100531141549.09 | |
| 010 | @a978-7-115-21115-6@dCNY29.00 | |
| 100 | @a20100515d2009 em y0chiy0121 ea | |
| 101 | 0 | @achi |
| 102 | @aCN@b110000 | |
| 105 | @aa z 000yy | |
| 200 | 1 | @a嵌入式Linux C语言开发@Aqian ru shi Linux C yu yan kai fa@f曾宏安主编 |
| 210 | @a北京@c人民邮电出版社@d2009.08 | |
| 215 | @a263页@c图@d26cm | |
| 225 | 2 | @a高等院校嵌入式人才培养规划教材@Agao deng yuan xiao qian ru shi ren cai pei yang gui hua jiao cai |
| 330 | @a本书介绍开发工具和Linux C语言基础、嵌入式Linux C语言高级用法、内核常见数据结构的解析与应用、嵌入式Linux编程基础、文件I/O操作 相关的C语言应用、网络通信相关的C语言应用等, 并设置了嵌入式Linux C函数参考附录。学习本书前应掌握C语言程序设计的基本知识。 | |
| 410 | 0 | @12001 @a高等院校嵌入式人才培养规划教材 |
| 606 | 0 | @aLinux操作系统@ALinuxcao zuo xi tong@x程序设计@x高等学校@j教材 |
| 606 | 0 | @aC语言@ACyu yan@x程序设计@x高等学校@j教材 |
| 690 | @aTP312@v4 | |
| 690 | @aTP316.89@v4 | |
| 701 | 0 | @a曾宏安@Azeng hong an@4主编 |
| 801 | 0 | @aCN@c20100515 |
| 905 | @dTP316.89@eZ024@f3 | |
| 嵌入式Linux C语言开发/曾宏安主编.-北京:人民邮电出版社,2009.08 |
| 263页:图;26cm.-(高等院校嵌入式人才培养规划教材) |
| ISBN 978-7-115-21115-6:CNY29.00 |
| 本书介绍开发工具和Linux C语言基础、嵌入式Linux C语言高级用法、内核常见数据结构的解析与应用、嵌入式Linux编程基础、文件I/O操作 相关的C语言应用、网络通信相关的C语言应用等, 并设置了嵌入式Linux C函数参考附录。学习本书前应掌握C语言程序设计的基本知识。 |
| ● |
| 相关链接 |
|
|
|
正题名:嵌入式Linux C语言开发
索取号:TP316.89/Z024
 
预约/预借
| 序号 | 登录号 | 条形码 | 馆藏地/架位号 | 状态 | 备注 |